Telecommunication switching traffic and networks (Record no. 200172)

MARC details
000 -LEADER
fixed length control field 00391nam a2200145Ia 4500
008 - FIXED-LENGTH DATA ELEMENTS--GENERAL INFORMATION
fixed length control field 231221s9999 xx 000 0 und d
041 ## - LANGUAGE CODE
Language code of text/sound track or separate title English
082 ## - DEWEY DECIMAL CLASSIFICATION NUMBER
Classification number 621.381537 FLO;1
100 ## - MAIN ENTRY--PERSONAL NAME
Personal name Flood, J E
245 #0 - TITLE STATEMENT
Title Telecommunication switching traffic and networks
260 ## - PUBLICATION, DISTRIBUTION, ETC.
Date of publication, distribution, etc. 1999
Name of publisher, distributor, etc. New Delhi : Pearson Education,
300 ## - PHYSICAL DESCRIPTION
Extent xviii+310
500 ## - GENERAL NOTE
General note replaced/EC/4464
942 ## - ADDED ENTRY ELEMENTS (KOHA)
Koha item type Books Test
Holdings
Date last seen Total checkouts Full call number Accession number Cost, total (INR) price Price effective from Category Lost status Damaged status Department Withdrawn status Home library Current library Shelving location Entry date Vendor Cost, normal purchase price Grants Billnumber Billdate Currency symbol Conversion rate Discount Old discount
26/01/2024   621.381537 FLO;1 BK320 208.25 26/01/2024 Books Test     Central Library   Central Library Central Library Central Library   Sapna Book House 245.00 EC 17284 05/01/2009 RS 1 36.75 15

© For any Suggestions or Query, please contact the library staff @ librarian@pes.edu or Phone: +9180 2672 1983/ 2108.